000 00757nam a22001937a 4500
003 OSt
005 20150408114207.0
008 140213s 2013jo a g b 00| 0 ara d
020 _a9789957900151
040 _ama-un
082 _221
_a155.455
_bش خ ح
100 _aشعيب، خولة محمود أحمد
_942959
245 _aالحاجات النفسية والاجتماعية للموهوبين والمتفوقين /
_cتأليف خولة محمود أحمد شعيب.
260 _aعمان، الأردن :
_bمركز ديبونو لتعليم التفكير،
_c2013 [1434]
300 _a273 ص. ؛
_c24 سم.
650 _a الموهوبون
_xعلم نفس
_913019
650 _a الموهوبون
_xرعاية
942 _2ddc
_cBOOK
999 _c33680
_d268180